000 00567nam a2200217Ia 4500
003 OSt
005 20220924152449.0
006 a|||||r|||| 00| 0
007 ta
008 220923b |||||||| |||| 00| 0 mar d
024 _a342598
037 _cTextual
040 _aARTS
_cARTS
_bmar
041 _2mar
_amar
082 _aQ24, 155M9
100 _aBhimsingh Ramsingh
_9226731
245 0 _aShri ganesh upasna aani sankatichturthi-vratkatha
260 _c1989
942 _hQ24, 155M9
_cTEXL
_2CC
999 _c469898
_d469898